LDR 00802naa#a2200181#i#450# 001 EN\FGKOU VO SPBU MVD ROSSII\bibl\123814 005 20260701033355.3 011 ## _a2071-8284 100 ## _a20260630b2026####ek#y0engy0150####ca 101 0# _aRUS 102 ## _aRU 200 1# _aThe general preventive impact of provisions of criminal and penal legislation _eJournal article 210 1# _aSt. Petersburg _cSAINT-PETERSBURG UNIVERSITY OF THE MINISTRY OF INTERNAL AFFAIRS OF THE RUSSIAN FEDERATION _d2026 215 ## _a9 с. 608 ## _aJournal article _2local 675 ## _aТеория. Понятие и основы уголовного права. Право наказывать. Исправление правонарушителя. 343.01 _zRUS 700 #1 _aKuznetsov _gAleksey Aleksandrovich 856 4# _avestnikspbmvd.ru _u